[Event "XXVIII Miedzynarodowy Turniej im. T. Gn"]
[Site "Police"]
[Date "2013.??.??"]
[Round "2.9"]
[White "Shishkin, Vadim"]
[Black "Korbal, Arkadiusz"]
[Result "1-0"]
[WhiteElo "2509"]
[BlackElo "2131"]
[PlyCount "61"]
[EventDate "2013.??.??"]

1. d4 Nf6 2. c4 g6 3. Nc3 Bg7 4. e4 d6 5. Be2 O-O 6. Be3 Nbd7 7. g4 e5 8. d5
Nc5 9. Bf3 a5 10. h4 Ne8 11. h5 f5 12. hxg6 hxg6 13. gxf5 gxf5 14. Nh3 f4 15.
Bxc5 dxc5 16. Bg4 Qh4 17. Bxc8 Rxc8 18. Qf3 Rf6 19. O-O-O Rg6 20. Rdg1 Rxg1+
21. Rxg1 Nf6 22. Ng5 Re8 23. Ne6 Re7 24. Nxc5 b6 25. Ne6 Ne8 26. Rh1 Qf6 27.
Qh5 Nd6 28. Qh7+ Kf7 29. Rg1 Ne8 30. Nd8+ Kf8 31. Rg6 1-0

[Event "XXVIII Miedzynarodowy Turniej im. T. Gn"]
[Site "Police"]
[Date "2013.??.??"]
[Round "2.10"]
[White "Urban, Klaudiusz"]
[Black "Jacek, Krystian"]
[Result "1/2-1/2"]
[WhiteElo "2462"]
[BlackElo "2139"]
[PlyCount "81"]
[EventDate "2013.??.??"]

1. d4 Nf6 2. c4 g6 3. Nc3 Bg7 4. Bg5 O-O 5. Qd2 c5 6. d5 d6 7. e4 e6 8. f3 exd5
9. cxd5 Re8 10. Nge2 Nbd7 11. Ng3 a6 12. a4 Qa5 13. Be2 b5 14. O-O b4 15. Nd1
c4 16. Bxc4 Qc5+ 17. Ne3 h6 18. Bxf6 Bxf6 19. Rad1 Nb6 20. Bb3 Bd7 21. Kh1 h5
22. Ne2 Bxb2 23. Qxb2 Qxe3 24. a5 Na4 25. Bxa4 Bxa4 26. Ra1 Bb5 27. Rfe1 Bxe2
28. Rxe2 Qc5 29. Rc2 Qb5 30. Rc6 Rab8 31. h3 Rec8 32. Rac1 Rxc6 33. dxc6 Rc8
34. c7 Qxa5 35. Qf6 b3 36. Qxd6 b2 37. Rb1 Rxc7 38. Rxb2 Qa1+ 39. Kh2 Qxb2 40.
Qxc7 Qa2 41. f4 1/2-1/2

[Event "XXVIII Miedzynarodowy Turniej im. T. Gn"]
[Site "Police"]
[Date "2013.??.??"]
[Round "2.11"]
[White "Yagupov, Igor"]
[Black "Jacek, Roksana"]
[Result "1-0"]
[WhiteElo "2389"]
[BlackElo "1835"]
[PlyCount "81"]
[EventDate "2013.??.??"]

1. Nf3 Nf6 2. c4 g6 3. Nc3 Bg7 4. e4 d6 5. d4 O-O 6. Be2 Nbd7 7. O-O e5 8. Re1
exd4 9. Nxd4 Nc5 10. f3 h6 11. Be3 Re8 12. Qd2 Kh7 13. b4 Ne6 14. Nb3 Nh5 15.
Rac1 Qh4 16. Bf2 Qd8 17. Bf1 Be5 18. Nd5 Nhf4 19. Kh1 c6 20. Nxf4 Nxf4 21. Be3
Qf6 22. g3 Ne6 23. f4 Bb2 24. Rc2 Ba3 25. b5 Nc5 26. Bd4 Qe6 27. Nxc5 Bxc5 28.
bxc6 bxc6 29. Bxc5 dxc5 30. e5 Rb8 31. Qa5 Qf5 32. Rce2 Be6 33. Qxc5 Rb1 34.
Qxc6 Bd7 35. Qf3 Rc8 36. Kg1 Rxc4 37. Rxb1 Qxb1 38. Qb3 Rc1 39. Qxf7+ Kh8 40.
Qf8+ Kh7 41. Qe7+ 1-0

[Event "XXVIII Miedzynarodowy Turniej im. T. Gn"]
[Site "Police"]
[Date "2013.??.??"]
[Round "2.12"]
[White "Perske, Thore"]
[Black "Shilov, Sergej"]
[Result "0-1"]
[WhiteElo "2158"]
[BlackElo "2189"]
[PlyCount "78"]
[EventDate "2013.??.??"]

1. e4 g6 2. d4 Bg7 3. Nc3 d6 4. Be3 a6 5. a4 Nf6 6. h3 O-O 7. Nf3 c5 8. Bc4
cxd4 9. Nxd4 Nxe4 10. Nxe4 d5 11. Bb3 dxe4 12. O-O Qc7 13. c3 Nd7 14. Qc2 Nc5
15. Bd5 Qe5 16. Bc4 Bd7 17. b4 Ne6 18. Rfe1 Nf4 19. Bxf4 Qxf4 20. Rxe4 Qg5 21.
f4 Qf6 22. Rae1 Rac8 23. Qb3 Qd6 24. Bd5 e6 25. Bc4 Bxa4 26. Qa2 b5 27. Bxe6
Rxc3 28. Nf3 Qb6+ 29. Kh1 Rc2 30. Qd5 Qf2 31. Rg1 Kh8 32. Bxf7 Rcc8 33. f5 Bc2
34. Rh4 Bxf5 35. Ng5 Qxh4 36. Be6 Qxg5 37. Bxc8 Rxc8 38. g4 Qe3 39. gxf5 Qxh3#
0-1

[Event "XXVIII Miedzynarodowy Turniej im. T. Gn"]
[Site "Police"]
[Date "2013.??.??"]
[Round "2.13"]
[White "Smieszek, Wojciech"]
[Black "Weber, Max"]
[Result "1-0"]
[WhiteElo "1843"]
[BlackElo "2108"]
[PlyCount "57"]
[EventDate "2013.??.??"]

1. e4 e6 2. d4 d5 3. Nc3 Nf6 4. Bg5 Bb4 5. e5 h6 6. Be3 Ne4 7. Qg4 Kf8 8. Nge2
c5 9. f3 Nxc3 10. bxc3 cxd4 11. Bxd4 Be7 12. Nf4 Nc6 13. Bd3 Nxd4 14. cxd4 Qa5+
15. Kf2 b6 16. Rhd1 g5 17. Nh5 Ba6 18. f4 Bxd3 19. Rxd3 Rc8 20. f5 Rxc2+ 21.
Kg1 Rd2 22. Rxd2 Qxd2 23. fxe6 Qe3+ 24. Kh1 Qe4 25. Qd1 fxe6 26. Qf1+ Ke8 27.
Rc1 Bd8 28. Ng7+ Kd7 29. Qf7+ 1-0

[Event "XXVIII Miedzynarodowy Turniej im. T. Gn"]
[Site "Police"]
[Date "2013.??.??"]
[Round "2.14"]
[White "Koziol, Kamil"]
[Black "Szadkowski, Kamil"]
[Result "1-0"]
[WhiteElo "2035"]
[BlackElo "2184"]
[PlyCount "57"]
[EventDate "2013.??.??"]

1. e4 e6 2. d4 d5 3. Nc3 Nf6 4. Bg5 Bb4 5. e5 h6 6. Be3 Ne4 7. Qg4 g6 8. Bd2 h5
9. Qf4 Nxd2 10. Qxd2 c5 11. a3 Ba5 12. b4 cxb4 13. Nb5 bxa3 14. c3 Bc7 15. Rxa3
Nc6 16. Nxc7+ Qxc7 17. Bd3 a5 18. Ne2 b6 19. O-O Ba6 20. Rb1 Bxd3 21. Qxd3 O-O
22. Nf4 Ne7 23. h3 Kg7 24. Qg3 Kh6 25. h4 Rg8 26. Qg5+ Kh7 27. Nh3 Kg7 28. Qf6+
Kf8 29. Ng5 1-0

[Event "XXVIII Miedzynarodowy Turniej im. T. Gn"]
[Site "Police"]
[Date "2013.??.??"]
[Round "2.15"]
[White "Olenderek, Tomasz"]
[Black "Pawlicz, Adam"]
[Result "1-0"]
[WhiteElo "2132"]
[BlackElo "2048"]
[PlyCount "85"]
[EventDate "2013.??.??"]

1. d4 d5 2. Nf3 Nf6 3. e3 Bg4 4. c4 dxc4 5. Bxc4 e6 6. Qb3 Bxf3 7. gxf3 Nbd7 8.
Qxb7 Rb8 9. Qxa7 Bb4+ 10. Bd2 O-O 11. Bxb4 Rxb4 12. b3 e5 13. Nc3 Qe7 14. d5
Nb6 15. a3 Ra8 16. Qxa8+ Nxa8 17. axb4 Nb6 18. O-O g6 19. b5 Qb4 20. Rfc1 Qe7
21. Ra7 e4 22. fxe4 Ng4 23. Be2 Qh4 24. Bxg4 Qxg4+ 25. Kf1 Qf3 26. Rd1 Qh1+ 27.
Ke2 Qxh2 28. Na4 Qh5+ 29. Kd2 Qe5 30. Nxb6 cxb6 31. Kc2 Qd6 32. e5 Qc5+ 33. Kb2
Qxb5 34. Rd2 Qb4 35. Kc2 Qe4+ 36. Rd3 Qf5 37. f4 Qc8+ 38. Kb2 Qb8 39. Ra4 b5
40. Rad4 h5 41. d6 Kf8 42. d7 Qd8 43. Rc3 1-0

[Event "XXVIII Miedzynarodowy Turniej im. T. Gn"]
[Site "Police"]
[Date "2013.??.??"]
[Round "2.16"]
[White "Maniocha, Andrzej"]
[Black "Zschaebitz, Klaus"]
[Result "1-0"]
[WhiteElo "2118"]
[BlackElo "2022"]
[PlyCount "41"]
[EventDate "2013.??.??"]

1. Nf3 Nf6 2. b3 g6 3. Bb2 Bg7 4. c4 c5 5. g3 b6 6. Bg2 Bb7 7. O-O O-O 8. d3 d6
9. Nbd2 Nbd7 10. Qc2 Qc8 11. Rac1 Rd8 12. Qb1 Nf8 13. Qa1 Ne6 14. Bh3 Qc6 15.
e4 Nc7 16. Nb1 Bc8 17. Bg2 e5 18. Nc3 a6 19. Ne1 Ne6 20. Nd5 Nd4 21. Ne7+ 1-0

[Event "XXVIII Miedzynarodowy Turniej im. T. Gn"]
[Site "Police"]
[Date "2013.??.??"]
[Round "2.17"]
[White "Maniocha, Marek"]
[Black "Aglave, Arnaud"]
[Result "0-1"]
[WhiteElo "2015"]
[BlackElo "2113"]
[PlyCount "140"]
[EventDate "2013.??.??"]

1. c4 Nf6 2. Nc3 d5 3. cxd5 Nxd5 4. g3 g6 5. Bg2 Nxc3 6. bxc3 Bg7 7. Nf3 O-O 8.
O-O Nd7 9. d4 Nb6 10. e4 Bg4 11. h3 Bxf3 12. Qxf3 e5 13. d5 Qd7 14. Qe2 Qa4 15.
Rb1 Rab8 16. Be3 Rfe8 17. Rb4 Qa5 18. Rfb1 Bf8 19. R4b3 Qa4 20. Bf1 Qxe4 21. c4
Qf5 22. Qd2 Qd7 23. Rd1 Qa4 24. Rc1 c5 25. Rb5 Nc8 26. Bxc5 Bxc5 27. Rxc5 b6
28. Rb5 Nd6 29. Rb3 Rbc8 30. Qb4 Qxb4 31. Rxb4 Rc5 32. Re1 f5 33. f3 Kf7 34.
Kf2 Kf6 35. Ke3 f4+ 36. Kf2 fxg3+ 37. Kxg3 Rec8 38. Rd1 g5 39. Kf2 h5 40. Bd3
h4 41. Be2 Ra5 42. Rd2 Ke7 43. Bd3 Rf8 44. Ke3 Rf4 45. Rg2 Kf6 46. a4 Rc5 47.
Rg4 e4 48. Bxe4 Nxc4+ 49. Kd4 Rxg4 50. fxg4 Na5 51. Bf5 Rc1 52. Rb5 Rc4+ 53.
Ke3 Rxa4 54. d6 Nc4+ 55. Ke2 Nxd6 56. Rd5 Nxf5 57. Rxf5+ Kg6 58. Rf3 Ra2+ 59.
Kd1 b5 60. Kc1 b4 61. Rd3 Ra3 62. Rd6+ Kf7 63. Rd5 Kf6 64. Rf5+ Kg6 65. Rb5 a5
66. Rb6+ Kf7 67. Rb5 Kf6 68. Rf5+ Kg6 69. Rb5 Rxh3 70. Rxa5 Rf3 0-1

[Event "XXVIII Miedzynarodowy Turniej im. T. Gn"]
[Site "Police"]
[Date "2013.??.??"]
[Round "2.19"]
[White "Czuchnicki, Adam"]
[Black "Dogoda, Rafal"]
[Result "1-0"]
[WhiteElo "2094"]
[BlackElo "1895"]
[PlyCount "85"]
[EventDate "2013.??.??"]

1. d4 e6 2. c4 f5 3. g3 Nf6 4. Bg2 Be7 5. Nc3 d5 6. Nf3 c6 7. O-O O-O 8. Qc2
Qe8 9. Bg5 Qg6 10. e3 Bd6 11. c5 Bc7 12. Ne2 Nbd7 13. Bf4 Ne8 14. b4 Bxf4 15.
Nxf4 Qf6 16. Qc3 Nc7 17. Rfb1 a5 18. a3 axb4 19. axb4 Rxa1 20. Qxa1 g5 21. Nd3
Nb8 22. Qa5 Nb5 23. Qa1 Na6 24. Nfe5 Qg7 25. f4 h6 26. Bf1 Nac7 27. Qb2 Bd7 28.
Ra1 Be8 29. Be2 g4 30. Nc1 h5 31. Na2 Rf6 32. Nc3 Nxc3 33. Qxc3 h4 34. Bf1 hxg3
35. hxg3 Rh6 36. Bg2 Qh7 37. Ra2 Bg6 38. Qa3 Ne8 39. Qa8 Kf8 40. Ra7 Rh1+ 41.
Bxh1 Qh3 42. Nxg6+ Kg7 43. Qxb7+ 1-0

[Event "XXVIII Miedzynarodowy Turniej im. T. Gn"]
[Site "Police"]
[Date "2013.??.??"]
[Round "2.20"]
[White "Maruszczak, Joanna"]
[Black "Schroeder, Kevin"]
[Result "1-0"]
[WhiteElo "1824"]
[BlackElo "2079"]
[PlyCount "109"]
[EventDate "2013.??.??"]

1. e4 c5 2. Nf3 d6 3. d4 cxd4 4. Qxd4 Nc6 5. Bb5 Bd7 6. Bxc6 Bxc6 7. Nc3 Nf6 8.
Bg5 e6 9. O-O-O h6 10. Bxf6 gxf6 11. Rhe1 Rg8 12. g3 h5 13. Qd3 a6 14. Nd4 Be7
15. f4 Qa5 16. Kb1 Bd7 17. e5 dxe5 18. Nf5 Qd8 19. Nxe7 Qxe7 20. fxe5 fxe5 21.
Rxe5 O-O-O 22. Qe3 Bc6 23. Rxh5 Rxd1+ 24. Nxd1 Qf6 25. Rh4 Rd8 26. Nc3 Qf1+ 27.
Qc1 Qg2 28. b3 Rd2 29. Kb2 e5 30. Nb1 Rf2 31. Qd1 Kb8 32. Qd6+ Ka7 33. Qc5+ b6
34. Qe7+ Bb7 35. Qc7 Qc6 36. Qxc6 Bxc6 37. Nc3 b5 38. a3 f5 39. Rh6 Kb6 40. b4
Kc7 41. h4 Kd7 42. Rh7+ Kd6 43. h5 Rh2 44. h6 e4 45. Rh8 Ke5 46. h7 Bd7 47. Ne2
e3 48. Kc3 Ke4 49. Nd4 Rh6 50. Nxf5 e2 51. Kd2 Bxf5 52. Re8+ Kf3 53. h8=Q Rxh8
54. Rxh8 Kf2 55. Rh2+ 1-0

[Event "XXVIII Miedzynarodowy Turniej im. T. Gn"]
[Site "Police"]
[Date "2013.??.??"]
[Round "2.21"]
[White "Vogel, Roven"]
[Black "Oleniak, Wlodzimierz"]
[Result "1-0"]
[WhiteElo "2061"]
[BlackElo "1849"]
[PlyCount "51"]
[EventDate "2013.??.??"]

1. d4 d5 2. Nf3 Nf6 3. Bf4 e6 4. e3 Nbd7 5. Bd3 c5 6. c3 Be7 7. Nbd2 O-O 8. Ne5
Re8 9. Qf3 Nf8 10. g4 cxd4 11. exd4 Ng6 12. h4 Nxe5 13. dxe5 Nd7 14. g5 Nf8 15.
Be3 b6 16. Qg3 Bb7 17. Bd4 Bc5 18. h5 Qd7 19. Nb3 Rac8 20. Qf4 Re7 21. h6 Bxd4
22. hxg7 Rxc3 23. gxf8=Q+ Kxf8 24. Rxh7 f5 25. Rh8+ Kg7 26. Qh4 1-0